La construcción de la conciencia histórica y su manifestación en la formación ciudadana: un estudio de caso con estudiantes secundarios del Liceo Arturo Alessandri Palma

El estudio de la didáctica de las ciencias sociales ha sido un campo de producción de conocimiento que recién durante las últimas décadas han adquirido una relevancia investigativa a nivel local (Chile), siendo en España donde ocurre su mayor auge de producción para el habla hispana (Osandón. 2002.1...

Descripción completa

Detalles Bibliográficos
Autor principal: Roa Chandía, Daniel
Otros Autores: Retuerto Mendaña, Iria (profesor guía)
Formato: Tesis
Lenguaje:español
Publicado: Santiago, Chile: Universidad Academia de Humanismo Cristiano, 2018.
Materias:

MARC

LEADER 00000cmm a2200000 a 4500
001 045102
003 UAHC_CL
005 20230720125645.0
008 180719s2018 cl 000 spa
040 |a UAHC_CL  |c UAHC_CL  |d UAHC_CL 
100 |a Roa Chandía, Daniel  |9 6469 
245 1 0 |a La construcción de la conciencia histórica y su manifestación en la formación ciudadana:  |c Daniel Roa; profesor guía Iria Retuerto.  |b un estudio de caso con estudiantes secundarios del Liceo Arturo Alessandri Palma 
260 |a Santiago, Chile:  |b Universidad Academia de Humanismo Cristiano,  |c 2018. 
300 |a 1 cd rom 
500 |a Tesis para optar al grado de Magíster en Educación. Mención liderazgo transformacional y gestión escolar. 
502 |a Tesis (Magíster en Educación) --Universidad Academia de Humanismo Cristiano, 2018. 
520 |a El estudio de la didáctica de las ciencias sociales ha sido un campo de producción de conocimiento que recién durante las últimas décadas han adquirido una relevancia investigativa a nivel local (Chile), siendo en España donde ocurre su mayor auge de producción para el habla hispana (Osandón. 2002.139). Otros contextos de investigación del conocimiento didáctico se han desarrollado en el mundo de habla francesa y en Italia, obteniendo una mayor producción en el mundo Francófono, que en el país bicontinental. La situación de las investigaciones de ambos países tiene una cercana relación con los temas a investigar de áreas de habla hispana, y de América Latina. En Francia las investigaciones del campo didáctico cuentan con una gran abundancia de producciones. Sin embargo, a pesar de tener amplías producciones, el campo científico de la didáctica de la historia y de la geografía es poco estructurado y no hay presencia de ningún paradigma dominante. (Henríquez, 2004, 71). En la cultura anglosajona podemos apreciar una enorme producción dirigida al estudio de la didáctica de las ciencias sociales, levantando diversos temas de indagación que tienen relación con los procesos de enseñanza - aprendizaje de la historia y las ciencias sociales. Esta producción es considerada con un mayor peso investigativo al de la investigación francesa (Henríquez, 2004). 
650 0 |a    |9 3282 
700 |a Retuerto Mendaña, Iria  |e profesor guía  |9 220 
900 |a TMED 85 
942 |c TS 
952 |0 0  |1 0  |2 ddc  |4 0  |6 TMED_85_000000000000000  |7 0  |8 COMP  |9 91320  |a BC  |b BC  |c Referencia  |d 2019-01-14  |l 0  |o TMED 85  |p 4279  |r 2019-01-14 00:00:00  |w 2019-01-14  |y TS  |B MED 
999 |c 51575  |d 51575